[Event "Bannet Memorial corr8691"]
[Site "?"]
[Date "1986.??.??"]
[Round "?"]
[White "Skrobek, Ryszard"]
[Black "Wolny, Ryszard"]
[Result "1-0"]
[WhiteElo "2555"]
[BlackElo "2445"]
[PlyCount "93"]
[EventDate "1986.??.??"]
[Source "www.chesslib.no"]
[SourceDate "2004.05.04"]

1. e4 e5 2. Nf3 Nc6 3. Bc4 Nf6 4. d4 exd4 5. e5 Ne4 6. O-O d5 7. exd6 Nxd6 8. Bd5 Be7 9. Bxc6+ bxc6 10. Nxd4 Qd7 11. Nc3 O-O 12. Bf4 Bf6 13. Na4 Nb5 14. Ne2 Qd5 15. c3 Bf5 16. Qxd5 cxd5 17. Nc5 d4 18. Ng3 Bg6 19. c4 Nd6 20. Bxd6 cxd6 21. Nd7 Rfc8 22. Nxf6+ gxf6 23. b3 d5 24. cxd5 Rd8 25. f4 Bc2 26. Rac1 Rac8 27. Rf2 d3 28. Nf5 Rc5 29. Rd2 Ra5 30. Ne7+ Kg7 31. Nc6 Rdxd5 32. Nxa5 Rxa5 33. Rcxc2 dxc2 34. Rxc2 Kg6 35. Kf2 Kf5 36. Ke3 h5 37. a4 Ra6 38. Rc5+ Kg4 39. h3+ Kg3 40. Rxh5 Kxg2 41. Kd4 Kg3 42. f5 Kf4 43. Kc5 Ra5+ 44. Kb4 Rxf5 45. Rxf5+ Kxf5 46. Kc3 Kf4 47. b4 1-0

[Event "Candas Open"]
[Site "Candas"]
[Date "1992.??.??"]
[Round "5"]
[White "Minasian, Artashes"]
[Black "Mainka, Romuald"]
[Result "1-0"]
[WhiteElo "2545"]
[BlackElo "2455"]
[PlyCount "97"]
[EventDate "1992.10.??"]
[Source "www.chesslib.no"]
[SourceDate "2004.05.04"]

1. e4 e5 2. Nf3 Nc6 3. Bc4 Nf6 4. d4 exd4 5. e5 Ne4 6. Bd5 Nc5 7. Bxc6 dxc6 8. Nxd4 Ne6 9. Be3 Nxd4 10. Qxd4 Qxd4 11. Bxd4 Bf5 12. c3 O-O-O 13. f4 Be7 14. Nd2 Rd5 15. Nf3 Rhd8 16. Kf2 b6 17. Rhe1 c5 18. Be3 Kb7 19. Re2 a5 20. Rd2 a4 21. a3 Kc6 22. Rad1 Rxd2+ 23. Rxd2 Rxd2+ 24. Nxd2 Kd5 25. Kf3 h5 26. h3 h4 27. Bf2 g5 28. Be3 gxf4 29. Bxf4 c6 30. Ke3 b5 31. Nf3 Be4 32. g4 Bxf3 33. Kxf3 Kc4 34. g5 Kb3 35. e6 fxe6 36. g6 Bf8 37. Ke4 Kxb2 38. Ke5 b4 39. cxb4 c4 40. Kf6 e5 41. Bxe5+ c3 42. Ke6 Kb3 43. Bxc3 Kxc3 44. Kd7 Kd4 45. Kxc6 Ke5 46. b5 Ke6 47. b6 Bg7 48. Kb5 Kd5 49. b7 1-0

[Event "Kopavogur"]
[Site "Kopavogur"]
[Date "1994.??.??"]
[Round "?"]
[White "Thorhallsson, Throstur"]
[Black "Hebden, Mark"]
[Result "1-0"]
[WhiteElo "2470"]
[BlackElo "2530"]
[PlyCount "65"]
[EventDate "1994.04.??"]
[Source "ChessBase"]

1. e4 e5 2. Nf3 Nc6 3. Bc4 Nf6 4. d4 exd4 5. e5 d5 6. Bb5 Ne4 7. Nxd4 Bc5 8. Be3 Bd7 9. Bxc6 bxc6 10. O-O Qe7 11. f4 Bb6 12. Nd2 c5 13. N4f3 Nxd2 14. Qxd2 d4 15. Bf2 O-O 16. h3 Bc6 17. Bh4 f6 18. a4 c4 19. Nxd4 Qd7 20. c3 Rad8 21. Bf2 Qd5 22. Be3 fxe5 23. fxe5 Qxe5 24. Rxf8+ Rxf8 25. a5 Bc5 26. Nxc6 Bxe3+ 27. Kh1 Qg3 28. Qd5+ Kh8 29. Ne5 h6 30. Qe4 Rf4 31. Ng6+ Kg8 32. Qe8+ Kh7 33. Ne7 1-0

[Event "Vladivostok"]
[Site "Vladivostok"]
[Date "1994.??.??"]
[Round "1"]
[White "Sveshnikov, Evgeny"]
[Black "Semeniuk, Alexander A"]
[Result "1-0"]
[WhiteElo "2585"]
[BlackElo "2415"]
[PlyCount "67"]
[EventDate "1994.??.??"]
[Source "ChessBase"]

1. e4 e5 2. Nf3 Nc6 3. Bc4 Nf6 4. d4 exd4 5. e5 Ng4 6. Qe2 Qe7 7. Bf4 f6 8. exf6 Nxf6 9. Nbd2 d5 10. Bb5 Qxe2+ 11. Kxe2 a6 12. Bd3 Bg4 13. Bxc7 Rc8 14. Bg3 Bb4 15. h3 Bxf3+ 16. Nxf3 O-O 17. Rhd1 Ne4 18. Bh2 Rf6 19. Kf1 Bc5 20. Re1 Re8 21. Re2 Rfe6 22. Rae1 h6 23. a3 b5 24. Kg1 Bb6 25. Nh4 Ba5 26. b4 Bd8 27. Nf5 Bf6 28. Nd6 Rxd6 29. Bxd6 Rd8 30. Bf4 Kf7 31. Bxe4 dxe4 32. Rxe4 d3 33. cxd3 g5 34. Rc1 1-0

[Event "RUS-Cup07"]
[Site "Togliatty"]
[Date "2001.08.14"]
[Round "7"]
[White "Belozerov, Andrei"]
[Black "Yandemirov, Valeri"]
[Result "1/2-1/2"]
[WhiteElo "2507"]
[BlackElo "2486"]
[PlyCount "33"]
[EventDate "2001.08.08"]
[Source "ChessBase"]
[SourceDate "2001.09.11"]

1. e4 e5 2. Nf3 Nc6 3. Bc4 Nf6 4. d4 exd4 5. e5 d5 6. Bb5 Nd7 7. O-O Be7 8. Bxc6 bxc6 9. Nxd4 Nb8 10. c4 O-O 11. Qf3 c5 12. Nf5 Bxf5 13. Qxf5 Nc6 14. Nc3 dxc4 15. Rd1 Nd4 16. Qe4 c6 17. Be3 1/2-1/2

[Event "XIX Czech Chladek & Tintera A Open"]
[Site "Pardubice CEC"]
[Date "2008.07.26"]
[Round "9"]
[White "Llaneza Vega, M."]
[Black "Gasanov, E."]
[Result "0-1"]
[WhiteElo "2468"]
[BlackElo "2523"]
[PlyCount "64"]
[EventDate "2008.07.18"]
[Source "www.chesslib.no"]
[SourceDate "2004.05.04"]

1. e4 e5 2. Nf3 Nc6 3. Bc4 Nf6 4. d4 exd4 5. Ng5 Ne5 6. Qxd4 Qe7 7. Bf4 Nxc4 8. Qxc4 h6 9. Nf3 d5 10. Qxc7 dxe4 11. Nd4 Nd5 12. Qxe7+ Bxe7 13. Bd2 Bd7 14. Nc3 Nxc3 15. Bxc3 O-O-O 16. O-O-O Rhe8 17. h3 Bh4 18. Rhf1 f6 19. Bb4 b6 20. c4 e3 21. fxe3 Rxe3 22. Nf3 Bg3 23. Bd6 Bxh3 24. Bxg3 Rxd1+ 25. Kxd1 Bxg2 26. Rf2 Bh1 27. Kd2 Rxf3 28. Rxf3 Bxf3 29. Bd6 h5 30. Ke3 Bc6 31. Bf8 h4 32. Kf2 g5 0-1

[Event "RUS-ch51"]
[Site "St Petersburg"]
[Date "1998.08.05"]
[Round "9"]
[White "Karpatchev, Aleksandr"]
[Black "Potapov, Alexander"]
[Result "0-1"]
[WhiteElo "2515"]
[BlackElo "2475"]
[PlyCount "78"]
[EventDate "1998.07.28"]
[Source "ChessBase"]
[SourceDate "1998.11.30"]

1. e4 e5 2. Nf3 Nc6 3. Bc4 Nf6 4. d4 exd4 5. e5 d5 6. Bb5 Ne4 7. Nxd4 Bc5 8. Be3 Bd7 9. Bxc6 bxc6 10. Nd2 Nxd2 11. Qxd2 O-O 12. O-O Bb6 13. Bg5 Qe8 14. Rfe1 Be6 15. a4 Bxd4 16. Qxd4 Bf5 17. Qc3 Qe6 18. Be3 Qg6 19. Bc5 Rfe8 20. Rac1 h5 21. Re3 h4 22. h3 Re6 23. Qd4 Qh6 24. c4 Rg6 25. Rcc3 dxc4 26. Qxc4 Rd8 27. Be7 Rd1+ 28. Kh2 Rxg2+ 29. Kxg2 Qg6+ 30. Kf3 Bxh3 31. Ke2 Qg1 32. Rxh3 Qf1+ 33. Ke3 Qxh3+ 34. Ke2 Qf1+ 35. Kf3 Qh1+ 36. Ke2 h3 37. Qg4 Qf1+ 38. Ke3 Re1+ 39. Kd4 Qa6 0-1

[Event "22nd Open"]
[Site "Andorra la Vella"]
[Date "2004.07.09"]
[Round "7"]
[White "Fernandez Romero, Ernesto"]
[Black "Kuzmin, Alexey"]
[Result "1/2-1/2"]
[WhiteElo "2423"]
[BlackElo "2567"]
[PlyCount "91"]
[EventDate "2004.07.03"]
[Source "Roberto Alvarez"]
[SourceDate "2004.07.12"]

1. e4 e5 2. Nf3 Nc6 3. Bc4 Nf6 4. d4 exd4 5. Ng5 Ne5 6. Qxd4 Nxc4 7. Qxc4 d5 8. exd5 h6 9. Nf3 Qxd5 10. Qe2+ Be6 11. O-O Bd6 12. Nc3 Qc4 13. Qxc4 Bxc4 14. Re1+ Kd7 15. Ne5+ Bxe5 16. Rxe5 Be6 17. Bf4 Rad8 18. Ree1 c6 19. a4 Bf5 20. Rac1 Rhe8 21. Rxe8 Rxe8 22. f3 Kc8 23. Kf2 b6 24. h4 h5 25. b4 Kb7 26. Bg5 Nd7 27. Nd1 Be6 28. Bf4 Ra8 29. Bd2 c5 30. a5 cxb4 31. Bxb4 b5 32. Nc3 a6 33. Ne4 Kc6 34. Rd1 Bd5 35. Nc3 Nf6 36. Ne2 Rc8 37. c3 Rc7 38. Nd4+ Kb7 39. Nf5 g6 40. Ne3 Rd7 41. Rd4 Be6 42. Rxd7+ Bxd7 43. Be7 Ng8 44. Bb4 Nf6 45. Be7 Ng8 46. Bb4 1/2-1/2

[Event "Salona"]
[Site "Solin/Split"]
[Date "2001.12.11"]
[Round "4"]
[White "Stevic, Hrvoje"]
[Black "Zaja, Ivan"]
[Result "1/2-1/2"]
[WhiteElo "2511"]
[BlackElo "2476"]
[PlyCount "52"]
[EventDate "2001.12.08"]
[Source "ChessBase"]
[SourceDate "2002.03.21"]

1. e4 e5 2. Nf3 Nc6 3. Bc4 Nf6 4. d4 exd4 5. e5 d5 6. Bb5 Nd7 7. O-O Be7 8. Re1 O-O 9. Bxc6 bxc6 10. Nxd4 Nb8 11. Qf3 Qd7 12. Nc3 Qg4 13. Qxg4 Bxg4 14. Be3 Rd8 15. f3 Bc8 16. Nb3 a5 17. Na4 Bf5 18. Rac1 Be6 19. c3 Nd7 20. Bf2 Rdb8 21. Re2 Ra6 22. Rd1 Rb5 23. Nd4 Rb8 24. Nb3 g6 25. g4 Rb5 26. Nd4 Rb8 1/2-1/2

[Event "TCh-RUS Siberian Zone, Omsk RUS"]
[Site "?"]
[Date "2001.??.??"]
[Round "3"]
[White "Belozerov, A."]
[Black "Obukhov, A."]
[Result "1/2-1/2"]
[WhiteElo "2550"]
[BlackElo "2435"]
[PlyCount "53"]
[EventDate "2001.??.??"]
[Source "www.chesslib.no"]
[SourceDate "2004.05.04"]

1. e4 e5 2. Nf3 Nc6 3. Bc4 Nf6 4. d4 exd4 5. e5 d5 6. Bb5 Ne4 7. Nxd4 Bd7 8. Bxc6 bxc6 9. O-O Bc5 10. f3 Ng5 11. Be3 O-O 12. f4 Ne4 13. Nd2 f6 14. Nxe4 dxe4 15. b4 Bb6 16. Qd2 a5 17. Nb3 Be6 18. Bxb6 cxb6 19. bxa5 Bxb3 20. Qxd8 Rfxd8 21. axb3 Rxa5 22. Rxa5 bxa5 23. Re1 fxe5 24. Rxe4 exf4 25. Rxf4 Rd1+ 26. Rf1 Rd2 27. Rf2 1/2-1/2

[Event "Tivat Open"]
[Site "Tivat"]
[Date "1995.??.??"]
[Round "5"]
[White "Sveshnikov, Evgeny E"]
[Black "Brenjo, Slavisa"]
[Result "1-0"]
[WhiteElo "2560"]
[BlackElo "2425"]
[PlyCount "123"]
[EventDate "1995.??.??"]
[Source "www.chesslib.no"]
[SourceDate "2004.05.04"]

1. e4 e5 2. Nf3 Nc6 3. Bc4 Nf6 4. d4 exd4 5. e5 Ne4 6. O-O Be7 7. Re1 d5 8. exd6 Nxd6 9. Bd5 Nf5 10. Bxc6+ bxc6 11. g4 Nd6 12. Nxd4 Qd7 13. Bg5 f6 14. Bf4 O-O 15. Nc3 Rf7 16. h3 Nc4 17. b3 Ne5 18. Bxe5 fxe5 19. Nf5 Bb4 20. Qf3 Qe8 21. Re3 Bc5 22. Rd3 Bxf5 23. gxf5 Qf8 24. Ne4 Rxf5 25. Qg2 Rf4 26. Rad1 Bd4 27. R1d2 Qf5 28. Ng3 Qg6 29. Kh2 Raf8 30. f3 Qf7 31. c3 Bc5 32. Rd7 Qg6 33. Ne4 Be3 34. Qxg6 hxg6 35. R2d3 Rxf3 36. Kg2 g5 37. Rxc7 Bb6 38. Rxf3 Bxc7 39. Rxf8+ Kxf8 40. Kf3 Ke7 41. Kg4 Ke6 42. Nxg5+ Kd5 43. c4+ Kd6 44. Kf5 Ke7 45. h4 Bb6 46. h5 Be3 47. Nf3 Kd6 48. Nxe5 Bd4 49. Nf3 Ba1 50. Ng5 Ke7 51. Ne4 Bd4 52. b4 a6 53. Kg6 Kf8 54. Ng5 Ke7 55. Ne4 Kf8 56. a3 Ke7 57. a4 Kf8 58. Nd6 Bc3 59. b5 axb5 60. cxb5 cxb5 61. axb5 Ke7 62. Nf5+ 1-0

[Event "Chigorin Memorial"]
[Site "St. Petersburg"]
[Date "2004.10.16"]
[Round "1.90"]
[White "Kashtanov, Ruslan"]
[Black "Inarkiev, Ernesto"]
[Result "0-1"]
[WhiteElo "2369"]
[BlackElo "2604"]
[PlyCount "118"]
[EventDate "2004.10.15"]
[Source "Roberto Alvarez"]
[SourceDate "2004.11.08"]

1. e4 e5 2. Nf3 Nc6 3. Bc4 Nf6 4. d4 exd4 5. e5 Ng4 6. O-O Be7 7. Re1 d6 8. exd6 Qxd6 9. b3 O-O 10. Ba3 Qd8 11. Bxe7 Nxe7 12. Qxd4 Qxd4 13. Nxd4 Nf5 14. Nxf5 Bxf5 15. Re7 Rac8 16. Nc3 Bxc2 17. Nb5 a6 18. Nxc7 Ne5 19. Rxe5 Rxc7 20. Rc1 Bd3 21. Rd5 Be2 22. Rd2 Bxc4 23. Rxc4 Rxc4 24. bxc4 Rc8 25. g3 Kf8 26. Rd7 Rxc4 27. Rxb7 Ra4 28. h4 Rxa2 29. Ra7 g6 30. Kg2 Ra3 31. Ra8+ Kg7 32. Ra7 h5 33. Ra8 Kf6 34. Ra7 Ke6 35. Ra8 Kf5 36. Ra7 Kf6 37. Ra8 Ra4 38. Kf3 Kf5 39. Ra7 Ke6 40. Ra8 Ra2 41. Ra7 Kf6 42. Ra8 Kf5 43. Ra7 Ra3+ 44. Kg2 Ke6 45. Ra8 a5 46. Ra7 a4 47. Ra5 Ra2 48. Kf3 a3 49. Ra7 Kd5 50. Ke3 Kc4 51. Rxf7 Rc2 52. Rc7+ Kb3 53. Rb7+ Kc3 54. Ra7 a2 55. f3 Kb3 56. Rb7+ Ka3 57. Ra7+ Kb2 58. Rb7+ Kc1 59. Ra7 Kb1 0-1

[Event "Nova Gorica"]
[Site "Nova Gorica"]
[Date "1996.??.??"]
[Round "9"]
[White "Sveshnikov, Evgeny"]
[Black "Fercec, Nenad"]
[Result "1-0"]
[WhiteElo "2565"]
[BlackElo "2405"]
[PlyCount "61"]
[EventDate "1996.??.??"]
[Source "ChessBase"]

1. e4 e5 2. Nf3 Nc6 3. Bc4 Nf6 4. d4 exd4 5. e5 d5 6. Bb5 Ne4 7. Nxd4 Bd7 8. Bxc6 bxc6 9. O-O Be7 10. f3 Ng5 11. f4 Ne4 12. f5 c5 13. Ne2 Bb5 14. Na3 Bc6 15. c4 d4 16. Nf4 Bg5 17. Nd3 Rb8 18. Qe2 h6 19. Bf4 Rb6 20. Rae1 Ba8 21. Qg4 h5 22. Qh3 Bh4 23. Re2 Ng5 24. Bxg5 Bxg5 25. Nc2 Ra6 26. f6 gxf6 27. Nxc5 d3 28. Rd1 O-O 29. Rxd3 Rxa2 30. Rxd8 Rxd8 31. e6 1-0

[Event "Russia"]
[Site "?"]
[Date "1992.??.??"]
[Round "?"]
[White "Sveshnikov, E."]
[Black "Zaitsev, I."]
[Result "1/2-1/2"]
[WhiteElo "2525"]
[BlackElo "2445"]
[PlyCount "95"]
[EventDate "1992.??.??"]
[Source "ChessBase"]
[SourceDate "1992.10.01"]

1. e4 e5 2. Nf3 Nc6 3. Bc4 Nf6 4. d4 exd4 5. e5 d5 6. Bb5 Ne4 7. Nxd4 Bd7 8. Bxc6 bxc6 9. O-O Qh4 10. Be3 Be7 11. Nd2 Nxd2 12. Qxd2 c5 13. Nf3 Qe4 14. Rfe1 Bh3 15. Bf4 Qg6 16. Bg5 O-O-O 17. gxh3 h6 18. Qa5 Bxg5 19. Nxg5 hxg5 20. Qxa7 Qc6 21. Re3 Rh4 22. Ra3 Rb4 23. Ra6 Rb6 24. Rxb6 Qxb6 25. Qa8+ Qb8 26. Qa3 Qb4 27. Qxb4 cxb4 28. a3 bxa3 29. Rxa3 Kd7 30. Rg3 f6 31. h4 fxe5 32. hxg5 Rb8 33. b3 Rb4 34. h3 Ke6 35. Rc3 Kd6 36. Rf3 Ke6 37. Kg2 c5 38. g6 c4 39. Rf7 cxb3 40. cxb3 Rxb3 41. h4 Rb8 42. Kf3 Rh8 43. Kg4 d4 44. Rxg7 Kf6 45. Ra7 Kxg6 46. h5+ Kh6 47. Ra6+ Kh7 48. Ra7+ 1/2-1/2

[Event "Budapest"]
[Site "Budapest"]
[Date "1988.??.??"]
[Round "?"]
[White "Kotronias, Vasilios"]
[Black "Barbero, Gerardo F"]
[Result "1/2-1/2"]
[WhiteElo "2465"]
[BlackElo "2505"]
[PlyCount "118"]
[EventDate "1988.05.??"]
[Source "ChessBase"]

1. e4 e5 2. Nf3 Nc6 3. Bc4 Nf6 4. d4 exd4 5. e5 d5 6. Bb5 Ne4 7. Nxd4 Bc5 8. Be3 Bd7 9. Bxc6 bxc6 10. Nd2 Qh4 11. N4f3 Bxe3 12. Nxh4 Bxd2+ 13. Kf1 Ba5 14. Qe2 g5 15. Nf3 Bb6 16. c3 Nxf2 17. Nd4 Nxh1 18. Kg1 O-O-O 19. b4 Rde8 20. Kxh1 Kb7 21. Rf1 f5 22. a4 f4 23. a5 Bxd4 24. a6+ Ka8 25. cxd4 Re6 26. Rc1 h6 27. Qd3 Kb8 28. Qb3 Ka8 29. Rc5 Rb8 30. h3 Rb6 31. Qc2 Kb8 32. Qa4 Bc8 33. b5 h5 34. Qa2 g4 35. hxg4 hxg4 36. Qf2 cxb5 37. Qxf4 b4 38. Qc1 c6 39. Kh2 b3 40. Qb2 Bxa6 41. Kg3 Rg6 42. Rc3 Bc4 43. Re3 Rb7 44. Re1 Bd3 45. Qa3 Rg8 46. e6 Re8 47. Qd6+ Rc7 48. Ra1 Rxe6 49. Qxe6 b2 50. Rh1 b1=Q 51. Rxb1+ Bxb1 52. Qxg4 Be4 53. Kf4 c5 54. dxc5 Rxc5 55. Ke5 Rc6 56. Qd7 Rb6 57. g4 Rg6 58. Qd8+ Kb7 59. g5 Rb6 1/2-1/2

[Event "XV op"]
[Site "Ljubjana"]
[Date "2004.07.12"]
[Round "4"]
[White "Zelcic, Robert"]
[Black "Jovanic, Ognjen"]
[Result "1/2-1/2"]
[WhiteElo "2521"]
[BlackElo "2440"]
[PlyCount "95"]
[EventDate "2004.07.10"]
[Source "Roberto Alvarez"]
[SourceDate "2003.08.04"]

1. e4 e5 2. Nf3 Nc6 3. Bc4 Nf6 4. d4 exd4 5. e5 Ng4 6. O-O d6 7. exd6 Qxd6 8. Na3 a6 9. h3 Nh6 10. Re1+ Be7 11. Bb3 b5 12. Bg5 O-O 13. Bxe7 Nxe7 14. Qxd4 Qxd4 15. Nxd4 Nhf5 16. Nxf5 Nxf5 17. Rad1 c5 18. Bd5 Ra7 19. Be4 g6 20. c3 Be6 21. Bd5 Bc8 22. Nc2 Ne7 23. Ne3 Kg7 24. c4 Nxd5 25. Rxd5 Rc7 26. cxb5 Be6 27. b6 Rc6 28. Re5 Bxa2 29. Ra1 Be6 30. Rxa6 Rb8 31. Nd1 Rd6 32. Ra1 Rbd8 33. Nc3 Rxb6 34. Ra7 Bb3 35. h4 Rd2 36. Ne4 Rxb2 37. Nxc5 Bc4 38. Rc7 Re2 39. Rxe2 Bxe2 40. f3 Bb5 41. Ne4 h6 42. Kf2 Rc6 43. Ra7 Bd3 44. Ng3 Rc2+ 45. Kg1 Rc1+ 46. Kf2 Rc2+ 47. Kg1 Rc1+ 48. Kf2 1/2-1/2

[Event "5th Open"]
[Site "Marseille"]
[Date "2004.06.30"]
[Round "6"]
[White "Karpatchev, Aleksandr"]
[Black "Radulski, Julian"]
[Result "1-0"]
[WhiteElo "2463"]
[BlackElo "2497"]
[PlyCount "53"]
[EventDate "2004.06.26"]
[Source "Roberto Alvarez"]
[SourceDate "2004.07.12"]

1. e4 e5 2. Nf3 Nc6 3. Bc4 Nf6 4. d4 exd4 5. e5 Ng4 6. O-O d6 7. exd6 Qxd6 8. Na3 a6 9. h3 Nf6 10. Ng5 Nd8 11. Bb3 Be7 12. Nc4 Qc5 13. Re1 h6 14. Nf3 Ne6 15. Nce5 O-O 16. Nxf7 Nd5 17. N7e5 Rd8 18. Qd3 a5 19. Qg6 a4 20. Qf7+ Kh7 21. Bc4 Nf8 22. Bd3+ Kh8 23. Bxh6 Bf6 24. Ng6+ Nxg6 25. Qxg6 Kg8 26. Qh7+ Kf8 27. Qh8+ 1-0

[Event "Ostrava"]
[Site "Ostrava"]
[Date "1994.??.??"]
[Round "7"]
[White "Plachetka, Jan"]
[Black "Smejkal, Jan"]
[Result "1-0"]
[WhiteElo "2435"]
[BlackElo "2520"]
[PlyCount "72"]
[EventDate "1994.06.??"]
[Source "ChessBase"]

1. e4 e5 2. Nf3 Nc6 3. Bc4 Nf6 4. d4 exd4 5. e5 Ng4 6. O-O d6 7. exd6 Bxd6 8. Re1+ Kf8 9. Na3 Qf6 10. Bg5 Bxh2+ 11. Nxh2 Qxg5 12. Nf3 Qf4 13. Nb5 Nce5 14. Nxc7 Nxf3+ 15. Qxf3 Qh2+ 16. Kf1 Ne3+ 17. fxe3 Qxc7 18. Bd5 h5 19. exd4 Bg4 20. Qa3+ Kg8 21. Kg1 Qd7 22. c4 Be6 23. Bxe6 Qxd4+ 24. Qe3 Qxe3+ 25. Rxe3 fxe6 26. Rxe6 Rc8 27. b3 Kf7 28. Re5 Kf6 29. Rd5 Rhd8 30. Rxh5 Rd2 31. Rh3 Re8 32. Rf3+ Kg6 33. Rg3+ Kh6 34. Rf3 g5 35. Rf6+ Kh5 36. Rf5 Rg8 1-0

[Event "Alicante op2"]
[Site "Alicante ESP"]
[Date "1989.??.??"]
[Round "?"]
[White "Illescas Cordoba, Miguel"]
[Black "Campos Moreno, Javier B"]
[Result "0-1"]
[WhiteElo "2525"]
[BlackElo "2430"]
[PlyCount "96"]
[EventDate "1989.??.??"]
[Source "www.chesslib.no"]
[SourceDate "2004.05.04"]

1. e4 e5 2. Nf3 Nc6 3. Bc4 Nf6 4. d4 exd4 5. e5 d5 6. Bb5 Ne4 7. Nxd4 Bc5 8. Be3 Bd7 9. Bxc6 bxc6 10. Nd2 Qh4 11. Nxe4 Qxe4 12. O-O Bb6 13. Re1 Qg6 14. Nb3 Bg4 15. f3 Bh3 16. Qd2 d4 17. Bf4 c5 18. Kh1 Be6 19. c4 a5 20. Qe2 a4 21. Nd2 Ba5 22. Rec1 Bf5 23. Nf1 a3 24. bxa3 Bc3 25. Rxc3 dxc3 26. Qe3 c2 27. Qxc5 Qb6 28. Qxb6 cxb6 29. Ne3 Bd3 30. Rc1 Rxa3 31. Nxc2 Rc3 32. Nb4 Rxc1+ 33. Bxc1 Bxc4 34. Kg1 Kd7 35. Kf2 Ke6 36. Bb2 Ra8 37. a3 Rd8 38. Ke3 Rd1 39. Bc3 b5 40. g4 Rh1 41. Nc6 Rxh2 42. Kf4 h6 43. Nd4+ Kd5 44. Nf5 g6 45. Ne3+ Kc5 46. Ke4 Ba2 47. Bb4+ Kc6 48. Nd1 Bd5+ 0-1

[Event "Lvov"]
[Site "Lvov"]
[Date "1988.??.??"]
[Round "?"]
[White "Kotronias, Vasilios"]
[Black "Mikhalchishin, Adrian"]
[Result "1/2-1/2"]
[WhiteElo "2465"]
[BlackElo "2490"]
[PlyCount "75"]
[EventDate "1988.02.??"]
[Source "ChessBase"]

1. e4 e5 2. Nf3 Nc6 3. Bc4 Nf6 4. d4 exd4 5. e5 Ne4 6. Qe2 Nc5 7. O-O Ne6 8. Bxe6 dxe6 9. Rd1 Bc5 10. b4 Bxb4 11. c3 Bc5 12. cxd4 Be7 13. Nc3 Nb4 14. h4 Nd5 15. Ne4 Bd7 16. h5 h6 17. a4 Bc6 18. a5 Qd7 19. Rb1 b6 20. Bd2 O-O 21. Nh2 f5 22. exf6 Nxf6 23. Nxf6+ Bxf6 24. Ng4 Qd5 25. Ne3 Qg5 26. Rdc1 Be8 27. Rxc7 Bxd4 28. Qc4 Qf6 29. Rf1 Bxh5 30. Nf5 Qxf5 31. Qxd4 e5 32. Qe3 bxa5 33. Bxa5 a6 34. Bc3 Rf7 35. Rc5 Qf4 36. Qxf4 Rxf4 37. Bxe5 Rf7 38. Bxg7 1/2-1/2

[Event "Nova Gorica op"]
[Site "Nova Gorica"]
[Date "1999.02.02"]
[Round "6"]
[White "Grosar, Aljosa"]
[Black "Timoscenko, Genadij"]
[Result "0-1"]
[WhiteElo "2450"]
[BlackElo "2500"]
[PlyCount "101"]
[EventDate "1999.01.28"]
[Source "ChessBase"]
[SourceDate "1999.03.01"]

1. e4 e5 2. Nf3 Nc6 3. Bc4 Nf6 4. d4 exd4 5. e5 Ng4 6. Qe2 Qe7 7. Bf4 d6 8. exd6 cxd6 9. Nbd2 Bf5 10. Nb3 d3 11. Bxd3 Bxd3 12. cxd3 Nb4 13. Be3 Nxe3 14. fxe3 g6 15. O-O Bg7 16. Qd2 Nc6 17. e4 O-O 18. Rae1 Rae8 19. Na5 Ne5 20. Nxe5 Qxe5 21. Kh1 d5 22. d4 Qxd4 23. Qxd4 Bxd4 24. exd5 Rd8 25. Nxb7 Rxd5 26. b3 Bb6 27. Re7 f5 28. h3 Rf7 29. Rxf7 Kxf7 30. b4 Rd7 31. Nc5 Bxc5 32. bxc5 Ke6 33. Rf3 Kd5 34. g4 fxg4 35. hxg4 Kxc5 36. Ra3 Kb4 37. Rb3+ Ka4 38. Kg2 a5 39. Kf3 Rd2 40. Rb7 Rxa2 41. Rxh7 Rb2 42. g5 Rb6 43. Rf7 Kb5 44. Ke3 Rd6 45. Ke4 a4 46. Rf6 Ra6 47. Kd3 a3 48. Kc2 a2 49. Rxa6 Kxa6 50. Kb2 Kb6 51. Kxa2 0-1

[Event "Zalakaros"]
[Site "?"]
[Date "1998.??.??"]
[Round "?"]
[White "Palkovi Jozsef"]
[Black "Wells Peter K"]
[Result "1/2-1/2"]
[WhiteElo "2420"]
[BlackElo "2530"]
[PlyCount "63"]
[EventDate "1998.??.??"]
[Source "www.chesslib.no"]
[SourceDate "2004.05.04"]

1. e4 e5 2. Nf3 Nc6 3. Bc4 Nf6 4. d4 exd4 5. e5 Ng4 6. Qe2 Qe7 7. Bf4 d6 8. exd6 cxd6 9. Nbd2 Bf5 10. O-O Qxe2 11. Bxe2 Nge5 12. Nb3 d3 13. cxd3 Bxd3 14. Rfe1 Bxe2 15. Rxe2 f6 16. Nfd4 Nxd4 17. Nxd4 Kd7 18. Rd1 Rc8 19. Bg3 g6 20. Nb5 Rc5 21. Nc3 Be7 22. f4 Nc4 23. Bf2 Nxb2 24. Rde1 Rxc3 25. Bd4 Bd8 26. Bxc3 Nd3 27. Rf1 Bb6+ 28. Kh1 Rc8 29. Bb2 f5 30. g3 Nxb2 31. Rxb2 Rc4 32. Rd1 1/2-1/2

[Event "Pune (open)"]
[Site "?"]
[Date "2004.09.05"]
[Round "3"]
[White "Sherbakov Ruslan"]
[Black "Sriram Jha"]
[Result "1/2-1/2"]
[WhiteElo "2555"]
[BlackElo "2393"]
[PlyCount "23"]
[EventDate "2004.??.??"]
[Source "www.chesslib.no"]
[SourceDate "2004.05.04"]

1. e4 e5 2. Nf3 Nc6 3. Bc4 Nf6 4. d4 exd4 5. e5 d5 6. Bb5 Ne4 7. Nxd4 Bd7 8. Bxc6 bxc6 9. O-O Bc5 10. Be3 Qe7 11. f3 Nd6 12. Bf2 1/2-1/2

[Event "Copenhagen Open 16th"]
[Site "Copenhagen DEN"]
[Date "1994.??.??"]
[Round "3"]
[White "Schandorff, Lars"]
[Black "Hector, Jonny"]
[Result "1/2-1/2"]
[WhiteElo "2430"]
[BlackElo "2515"]
[PlyCount "51"]
[EventDate "1994.06.??"]
[Source "www.chesslib.no"]
[SourceDate "2004.05.04"]

1. e4 e5 2. Nf3 Nc6 3. Bc4 Nf6 4. d4 exd4 5. e5 d5 6. Bb5 Ne4 7. Nxd4 Bd7 8. Bxc6 bxc6 9. O-O Bc5 10. f3 Ng5 11. f4 Ne4 12. Be3 Bb6 13. Nd2 c5 14. N4f3 c4 15. Bxb6 axb6 16. Nxe4 dxe4 17. Ng5 Bc6 18. e6 f6 19. Qxd8+ Rxd8 20. Nf7 Rd2 21. Rfd1 c3 22. bxc3 Rxc2 23. Rd8+ Ke7 24. Rxh8 e3 25. Re1 Rxg2+ 26. Kf1 1/2-1/2

[Event "Ag. Nikolaos Open"]
[Site "?"]
[Date "1995.??.??"]
[Round "?"]
[White "Tzermiadianos, Andreas"]
[Black "Pavlovic, Milos"]
[Result "1-0"]
[WhiteElo "2440"]
[BlackElo "2505"]
[PlyCount "67"]
[EventDate "1995.??.??"]
[Source "www.chesslib.no"]
[SourceDate "2004.05.04"]

1. e4 e5 2. Nf3 Nc6 3. Bc4 Nf6 4. d4 exd4 5. e5 d5 6. Bb5 Ne4 7. Nxd4 Bc5 8. Be3 Bd7 9. Bxc6 bxc6 10. Nd2 Ng5 11. c3 Bb6 12. f4 Ne6 13. O-O g6 14. Kh1 O-O 15. Qe1 Ng7 16. b4 f6 17. N2f3 Qe7 18. Nb3 Bg4 19. Nfd4 Qd7 20. a4 fxe5 21. fxe5 Rxf1+ 22. Qxf1 Rf8 23. Qe1 Bf5 24. Ra2 Be4 25. Kg1 Nf5 26. Rf2 Nxe3 27. Rxf8+ Kxf8 28. Qxe3 Qg4 29. Qf2+ Kg8 30. h3 Qd1+ 31. Kh2 Qxb3 32. e6 Bf5 33. e7 Kf7 34. Qe1 1-0

[Event "Alicante op2"]
[Site "Alicante ESP"]
[Date "1989.??.??"]
[Round "?"]
[White "Illescas Cordoba, Miguel"]
[Black "Sanz Alonso, Francisco Javier"]
[Result "1-0"]
[WhiteElo "2525"]
[BlackElo "2420"]
[PlyCount "93"]
[EventDate "1989.??.??"]
[Source "www.chesslib.no"]
[SourceDate "2004.05.04"]

1. e4 e5 2. Nf3 Nc6 3. Bc4 Nf6 4. d4 exd4 5. e5 Ng4 6. Qe2 Qe7 7. Bf4 f6 8. exf6 Nxf6 9. Nbd2 d6 10. Qxe7+ Bxe7 11. Nb3 d3 12. c3 Bg4 13. Nbd4 Nxd4 14. Nxd4 O-O-O 15. h3 Bd7 16. O-O Rde8 17. Rfe1 Bd8 18. Bxd3 Nd5 19. Bd2 g6 20. Bh6 Bf6 21. Nf3 Ne7 22. Bg5 Rhf8 23. h4 Nd5 24. Bh6 Rxe1+ 25. Rxe1 Re8 26. Rxe8+ Bxe8 27. Ng5 Bxg5 28. Bxg5 h5 29. f3 Kd7 30. Kf2 Ke6 31. a3 b5 32. c4 bxc4 33. Bxc4 Ke5 34. Bh6 Kd4 35. Ba6 Ke5 36. Bg7+ Ke6 37. b4 c5 38. bxc5 dxc5 39. Bf8 Ne7 40. Bc4+ Kd6 41. Ke3 Bd7 42. Kf4 Bf5 43. Kg5 Be6 44. Bb5 Bd7 45. Bd3 Ke6 46. Bc4+ Nd5 47. Bxc5 1-0